000 00440nam a2200181Ia 4500
005 20240823011718.0
008 240823s9999||||xx |||||||||||||| ||und||
041 _aENGLISH
082 _A621.367 P1
100 _aAnil K Jain
245 0 _aFundamentals of Digital Image Processing
250 _a1st
260 _c2001
_b"PHI,New Delhi"
500 _aTRANSFERED
650 _aElectronics
_bElectronics
942 _cBK
999 _c162324
_d162324